000 00611nam a2200229Ia 4500
003 OSt
005 20220928135855.0
006 a|||||r|||| 00| 0
007 ta
008 220927b |||||||| |||| 00| 0 eng d
024 _a5238
037 _cTextual
040 _aSDCL
_cSDCL
_beng
041 _2eng
_aeng
082 _aO-,2J64:gx, N6
100 _aFujita Minoru Ed.
_9493010
245 0 _aShakespeare east and west.
260 _c1996
700 _a Pronko Leonard Ed.
_9493011
942 _hO-,2J64:gx, N6
_cTEXL
_2CC
999 _c808733
_d808733